Statistics for Most Common US County Names

Click here to take the quiz!

General Stats

  • This quiz has been taken 474 times
  • The average score is 10 of 24

Answer Stats

How ManyCounty Name% Correct
31Washington
94%
27Jefferson
84%
24Lincoln
81%
12Adams
80%
24Jackson
71%
20Madison
69%
17Monroe
63%
12Johnson
57%
24Franklin
56%
15Grant
53%
12Polk
48%
12Lee
34%
12Lake
28%
14Greene
28%
12Clark
21%
18Montgomery
18%
16Wayne
15%
18Clay
14%
14Warren
12%
17Marion
11%
18Union
11%
13Carroll
9%
12Douglas
7%
12Marshall
7%

Score Distribution

Percentile by Number Answered

Percent of People with Each Score

Your Score History

You have not taken this quiz